000
00265nam a22001097a 4500
999
_c
13596
_d
13596
082
_a
891.4393
100
_a
محمّد مرزا دہلوی
245
_a
اتاترک
260
_a
لاہور
_b
فکشن ہاؤس
_c
٢٠٠٣
300
_a
٢١٦ صفحات
942
_c
BK